<?xml version="1.0" encoding="UTF-8"?><?xml-stylesheet type="text/xsl" href="static/style.xsl"?><OAI-PMH xmlns="http://www.openarchives.org/OAI/2.0/" xmlns:xsi="http://www.w3.org/2001/XMLSchema-instance" xsi:schemaLocation="http://www.openarchives.org/OAI/2.0/ http://www.openarchives.org/OAI/2.0/OAI-PMH.xsd"><responseDate>2026-04-17T23:15:31Z</responseDate><request verb="GetRecord" identifier="oai:riubu.ubu.es:10259/10339" metadataPrefix="marc">https://riubu.ubu.es/oai/request</request><GetRecord><record><header><identifier>oai:riubu.ubu.es:10259/10339</identifier><datestamp>2025-03-18T09:03:49Z</datestamp><setSpec>com_10259_5786</setSpec><setSpec>com_10259_5086</setSpec><setSpec>com_10259_2604</setSpec><setSpec>col_10259_5787</setSpec></header><metadata><record xmlns="http://www.loc.gov/MARC21/slim" xmlns:doc="http://www.lyncode.com/xoai" xmlns:xsi="http://www.w3.org/2001/XMLSchema-instance" xmlns:dcterms="http://purl.org/dc/terms/" xsi:schemaLocation="http://www.loc.gov/MARC21/slim http://www.loc.gov/standards/marcxml/schema/MARC21slim.xsd">
<leader>00925njm 22002777a 4500</leader>
<datafield tag="042" ind1=" " ind2=" ">
<subfield code="a">dc</subfield>
</datafield>
<datafield tag="720" ind1=" " ind2=" ">
<subfield code="a">Alsasua, Roberto</subfield>
<subfield code="e">author</subfield>
</datafield>
<datafield tag="720" ind1=" " ind2=" ">
<subfield code="a">Arroyo del Bosque, Rubén</subfield>
<subfield code="e">author</subfield>
</datafield>
<datafield tag="720" ind1=" " ind2=" ">
<subfield code="a">Arana, Javier</subfield>
<subfield code="e">author</subfield>
</datafield>
<datafield tag="720" ind1=" " ind2=" ">
<subfield code="a">Lapresa Ajamil, Daniel</subfield>
<subfield code="e">author</subfield>
</datafield>
<datafield tag="720" ind1=" " ind2=" ">
<subfield code="a">Anguera, María Teresa</subfield>
<subfield code="e">author</subfield>
</datafield>
<datafield tag="260" ind1=" " ind2=" ">
<subfield code="c">2021-08</subfield>
</datafield>
<datafield tag="520" ind1=" " ind2=" ">
<subfield code="a">The objective of the present study was to analyse the construction and effectiveness of the offensive sequences of shots by members of the 2016 Paralympic gold medal men’s wheelchair basketball team. The analysis included the shot situation and of the actions leading up to the shot (reception prior to the shot, last pass, reception prior to the last pass, penultimate pass, and previous reception to the penultimate pass), based on the classification level of the player who performs the technical-tactical action. The registration and coding of the data was performed on the software programme LINCE. The reliability of the data was examined by inter-observer agreement through Cohen's Kappa coefficient. The results allow to deepen the specificity of the game of this sport, having characterized the construction of effective and ineffective (shot from the right lateral or the centre; from the offensive outside or from the offensive intermediate zone; shot made by players with the greatest functional limitations; players with greater functional difficulties perform the last reception, the last pass, and the reception prior to the last pass) sequences.</subfield>
</datafield>
<datafield tag="024" ind2=" " ind1="8">
<subfield code="a">http://hdl.handle.net/10259/10339</subfield>
</datafield>
<datafield tag="024" ind2=" " ind1="8">
<subfield code="a">10.5507/euj.2020.016</subfield>
</datafield>
<datafield tag="024" ind2=" " ind1="8">
<subfield code="a">1803-3857</subfield>
</datafield>
<datafield ind1=" " ind2=" " tag="653">
<subfield code="a">Match analysis</subfield>
</datafield>
<datafield ind1=" " ind2=" " tag="653">
<subfield code="a">Functional abilities</subfield>
</datafield>
<datafield ind1=" " ind2=" " tag="653">
<subfield code="a">Observational methodology</subfield>
</datafield>
<datafield ind1=" " ind2=" " tag="653">
<subfield code="a">Lag sequential analysis</subfield>
</datafield>
<datafield tag="245" ind1="0" ind2="0">
<subfield code="a">Sequential analysis of the construction of shots in wheelchair basketball and efficiency by player classification level</subfield>
</datafield>
</record></metadata></record></GetRecord></OAI-PMH>